000 00227nam a22000977a 4500
999 _c11316
_d11316
008 190219b ||||| |||| 00| 0 eng d
020 _a9780736082716
100 _aWhyte
_97057
245 _aFit in 5
260 _aUSA
_bKinetics
_c2009